000 00362nam a22001457a 4500
008 250514b |||||||| |||| 00| 0 eng d
020 _a9781788168971
050 _aHB171
_b.S65
100 _aSmith, Daviid
245 _aFree Lunch
_bEasily Digestible Economics
260 _aLondon
_bProfile Books
_c2022
300 _a358p.
650 _aEconomics
942 _cBK
999 _c3486
_d3486